• 首页
  • 本馆介绍
  • 公告通知
  • 最新文献
  • 馆藏检索
  • 电子资源
  • 读者导购
  • 参考咨询
  • 我的图书馆
  • 登录
  • 详细信息显示
  • 放入我的书架
  • 预约/预借图书
  • 作者相关作品
  • 分类相关作品
  • 丛书相关作品
  • 出版社相关作品

书目信息

  • 表格格式
  • 工作单格式
  • 卡片格式
题名:
生物的天堂
    
 
作者: 赵勃 著
分册:  
出版信息: 天津   天津教育出版社  2001
页数: 135页
开本: 20cm
丛书名: 绿色未来
单 册:
中图分类: S759.991
科图分类:
主题词: 自然保护区--世界--青年读物
电子资源:
ISBN: 7-5309-3265-9
000 00826oam2 2200253 450
001 1549775157
005 20150127131906.23
010    @a7-5309-3265-9@dCNY12.60
100    @a20010614d2001 am y0chiy0110 ea
101 0  @achi
102    @aCN@b120000
105    @aa z 000yy
200 1  @a生物的天堂@9sheng wu de tian tang@e神奇的自然保护区@f赵勃著
210    @a天津@c天津教育出版社@d2001
215    @a135页@c照片@d20cm
225 2  @a绿色未来
330    @a自然保护区对保护环境、维护生态平衡起着重要的作用,被称为“生物的天堂”,本书向读者介绍了国内外著名的自然保护区。
461  0 @12001 @a绿色未来
517 1  @a神奇的自然保护区@9shen qi de zi ran bao hu qu
606 0  @a自然保护区@y世界@j青年读物
690    @aS759.991@v4
701  0 @a赵勃@9zhao bo@4著
801  0 @aCN@bTSSF@c20150127
905    @aZUCC@dS759.991@eJY1
    
    生物的天堂:神奇的自然保护区/赵勃著.-天津:天津教育出版社,2001
    135页:照片;20cm.-(绿色未来)
    
    
    ISBN 7-5309-3265-9:CNY12.60
    自然保护区对保护环境、维护生态平衡起着重要的作用,被称为“生物的天堂”,本书向读者介绍了国内外著名的自然保护区。
●
相关链接 在E读中查询图书 在五车中查询图书 在当当中查询图书 在豆瓣中查询图书


正题名:生物的天堂     索取号:S759.991/JY1         预约/预借

序号 登录号 条形码 馆藏地/架位号 状态 备注
1 7852497   278524973   学院路分馆/ [索取号:S759.991/JY1] 在馆    
2 7852498   278524982   学院路分馆/ [索取号:S759.991/JY1] 在馆    
3 7852499   278524991   学院路分馆/ [索取号:S759.991/JY1] 在馆    
4 7852500   278525008   学院路分馆/ [索取号:S759.991/JY1] 在馆    
唐山师范学院图书馆 欢迎您!
大连网信软件有限公司© 版权所有